Statystyki dla Trasa Warszawskiej linii autobusowej 517

Kliknij tutaj aby rozwiązać quiz!

Ogólne statystyki

  • Ten quiz został rozwiązany 7 razy
  • Średni wynik to 16 z 38

Statystyki odpowiedzi

DzielnicaPrzystanek% Poprawnych
ŚródmieścieCentrum
100%
Ochota / ŚródmieścieDworzec Centralny
100%
UrsusUrsus-Niedźwiadek
100%
OchotaDworzec Zachodni
67%
OchotaHala Kopińska
67%
ŚródmieścieKrucza
67%
UrsusOrląt Lwowskich
67%
UrsusPKP Ursus-Niedźwiadek
67%
Włochy / OchotaPKP WKD Aleje Jerozolimskie
67%
ŚródmieściePlac Trzech Krzyży
67%
OchotaPlac Zawiszy
67%
UrsusAdamieckiego
33%
OchotaBerestecka
33%
UrsusDzieci Warszawy
33%
ŚródmieścieGórnośląska
33%
UrsusKeniga
33%
ŚródmieścieKoźmińska
33%
ŚródmieścieKsiążęca
33%
UrsusLalki
33%
WłochyŁopuszańska
33%
UrsusMalinowa
33%
OchotaPlac Narutowicza
33%
WłochyPopularna
33%
ŚródmieścieRozbrat
33%
WłochyRyżowa
33%
UrsusSkoroszewska
33%
UrsusŚmigielska
33%
ŚródmieścieŚniegockiej
33%
UrsusSosnowskiego
33%
UrsusSpisaka
33%
UrsusSzancera
33%
ŚródmieścieTorwar
33%
ŚródmieścieTorwar
33%
UrsusWapowskiego
33%
WłochyZajezdnia Kleszczowa
33%
ŚródmieścieLegia-Stadion
0%
ŚródmieścieSzwoleżerów
0%
ŚródmieścieZaruskiego
0%

Rozkład punktacji

Percentyl według liczby udzielonych odpowiedzi

Procent ludzi z każdym wynikiem

Twoja historia wyników

Nie rozwiązałeś tego quizu